<?xml version="1.0" encoding="UTF-8"?>
<record
    xmlns:xsi="http://www.w3.org/2001/XMLSchema-instance"
    xsi:schemaLocation="http://www.loc.gov/MARC21/slim http://www.loc.gov/standards/marcxml/schema/MARC21slim.xsd"
    xmlns="http://www.loc.gov/MARC21/slim">

  <leader>01602nam a2200253Ia 4500</leader>
  <controlfield tag="001">113738</controlfield>
  <controlfield tag="003">DR-UNIBE</controlfield>
  <controlfield tag="005">20250609090438.0</controlfield>
  <controlfield tag="008">250605b2025    dr ||||| |||| 00| 0 spa d</controlfield>
  <datafield tag="020" ind1=" " ind2=" ">
    <subfield code="a">9789945949407</subfield>
  </datafield>
  <datafield tag="040" ind1=" " ind2=" ">
    <subfield code="a">BIBLIOTECA UNIBE</subfield>
    <subfield code="c">BIBLIOTECA UNIBE</subfield>
    <subfield code="e">rda</subfield>
  </datafield>
  <datafield tag="041" ind1=" " ind2=" ">
    <subfield code="a">spa</subfield>
  </datafield>
  <datafield tag="082" ind1="0" ind2=" ">
    <subfield code="a">RD 863.5 C744L</subfield>
  </datafield>
  <datafield tag="110" ind1=" " ind2=" ">
    <subfield code="a">Concurso Expresiones de Arte (CEBC)</subfield>
    <subfield code="9">196199</subfield>
  </datafield>
  <datafield tag="245" ind1="0" ind2=" ">
    <subfield code="a">Lenguaje art&#xED;stico : premios del primer concurso expresiones de arte CEBC 2023</subfield>
  </datafield>
  <datafield tag="260" ind1="4" ind2=" ">
    <subfield code="a">Santo Domingo : </subfield>
    <subfield code="b">Club de Empleados del Banco Central,</subfield>
    <subfield code="c">2025</subfield>
  </datafield>
  <datafield tag="300" ind1="4" ind2=" ">
    <subfield code="a">60 p&#xE1;ginas :</subfield>
    <subfield code="b">ilustraciones, fotograf&#xED;as </subfield>
  </datafield>
  <datafield tag="490" ind1=" " ind2=" ">
    <subfield code="a">Colecci&#xF3;n expresiones de arte ;</subfield>
    <subfield code="v">vol. 1</subfield>
  </datafield>
  <datafield tag="505" ind1=" " ind2=" ">
    <subfield code="a">Introducci&#xF3;n |
  Cuento|
  Obra premiada. El piloto de Watermelon / Leonardo David Sanchez Contreras|
  Pintura|
  Obra premiada. Seulement 5% / &#xC1;ngelo Rivas Lorenzo|
  Menci&#xF3;n de honor. Mi gran &#xE1;rbol / Franchesca Rivas Lorenzo|
  Imagen digital|
  Obra premiada. Amistad de diferentes universos / Annabella S&#xE1;nchez Gonz&#xE1;Iez, |
  Menci&#xF3;n de honor. Los pedidos del amor / &#xC1;ngelo Rivas Lorenzo|
  Canto|
  Obra premiada. Ma&#xF1;ana a las tres / Pedro A. Mart&#xED;nez P&#xE9;rez|
  Menci&#xF3;n de honor. Te ofrezco / L&#xED;a Rachelle Col&#xF3;n|
  Ganadores del concurso expresiones de arte CEBC 2023|
  Miembros del jurado del concurso expresiones de arte CEBC 2023|
  Miembros de la Junta Directiva del Club de Empleados del Banco Central de la Rep&#xFA;blica Dominicana |
</subfield>
  </datafield>
  <datafield tag="650" ind1=" " ind2=" ">
    <subfield code="a">Cuentos dominicanos</subfield>
    <subfield code="9">104927</subfield>
  </datafield>
  <datafield tag="650" ind1=" " ind2=" ">
    <subfield code="a">Literatura dominicana</subfield>
    <subfield code="9">104928</subfield>
  </datafield>
  <datafield tag="942" ind1=" " ind2=" ">
    <subfield code="c">BK</subfield>
    <subfield code="2">ddc</subfield>
  </datafield>
  <datafield tag="951" ind1=" " ind2=" ">
    <subfield code="a">20061022 10:18:00</subfield>
  </datafield>
  <datafield tag="999" ind1=" " ind2=" ">
    <subfield code="c">113739</subfield>
    <subfield code="d">113739</subfield>
  </datafield>
  <datafield tag="952" ind1=" " ind2=" ">
    <subfield code="0">0</subfield>
    <subfield code="1">0</subfield>
    <subfield code="2">ddc</subfield>
    <subfield code="7">0</subfield>
    <subfield code="8">GEN-RD</subfield>
    <subfield code="a">Principal</subfield>
    <subfield code="b">Principal</subfield>
    <subfield code="d">2025-06-09</subfield>
    <subfield code="l">0</subfield>
    <subfield code="o">RD 863.5 C744L</subfield>
    <subfield code="p">250670</subfield>
    <subfield code="r">2025-06-09 09:11:49</subfield>
    <subfield code="t">Ej. 1</subfield>
    <subfield code="w">2025-06-09</subfield>
    <subfield code="y">BK</subfield>
  </datafield>
</record>
